INNOVATIVE design and construction for manufacturing and design synergies in the building process

Guardado en:
Detalles Bibliográficos
Formato: Libro
Lenguaje:inglés
Publicado: ASCE National convention Minneapolis 1997
Etiquetas: Agregar Etiqueta
Sin Etiquetas, Sea el primero en etiquetar este registro!

MARC

LEADER 00000nam a22000007a 4500
008 210830b ||||| |||| 00| 0 eng d
020 |a 9783920034331 
245 |a INNOVATIVE design and construction for manufacturing and design synergies in the building process  |c Geo-institute of the American society of civil engineers in cojuction with the ASCE National convention minneapolis  |g 112p. 
250 |b Edited by China K. .Tan 
260 |b ASCE National convention Minneapolis  |c 1997  |d Book  |h China K. Tan  |i 6966164  |i 686165  |l TH 2101 .I6  |m Foundtions -cold weather conditions-congresses  |m Basements-cold weather conditions congresses  |m Foundations -cold regions-Design and construction-congresses   |m Basements-cold regions-Design and construction-congresses 
500 |a "It illustrated by bibliography" 
942 |a lcc  |c BK  |e Olagoke.M.A/  |f 30/08/2021 
952 |0 0  |1 0  |2 lcc  |4 0  |7 0  |9 3333  |a HOL  |b TL  |c QZ  |d 2021-08-30  |o TH 2101 .I6  |p 2021-67044  |r 2021-08-30 00:00:00  |t 696165  |w 2021-08-30  |y BK 
952 |0 0  |1 0  |2 lcc  |4 0  |7 0  |9 3334  |a HOL  |b HOL  |c QZ  |d 2021-08-30  |o TH 2101.I6  |p 2021-67045  |r 2021-08-30 00:00:00  |t 696164  |w 2021-08-30  |y BK 
999 |c 1662  |d 1662